|
|
|
|
| LEADER |
00000nas a2200000 a 4500 |
| 001 |
ssj0000851751 |
| 003 |
WaSeSS |
| 005 |
20200512172242.0 |
| 006 |
m d |
| 007 |
cr n |
| 008 |
130208c20uu9999nyud| n|s|||||| |0eng d |
| 035 |
|
|
|a (WaSeSS)ssj0000851751
|
| 040 |
|
|
|a WaSeSS
|c WaSeSS
|d WaSeSS
|
| 043 |
|
|
|a n-us-ny
|
| 050 |
|
4 |
|a F128
|
| 130 |
0 |
|
|a Daily beast (New York, N.Y.)
|
| 245 |
1 |
4 |
|a The daily beast
|h [electronic resource].
|
| 260 |
|
|
|a [New York, N.Y.] :
|b Newsweek/Daily Beast Company
|
| 310 |
|
|
|a Daily
|
| 506 |
|
|
|a License restrictions may limit access.
|
| 588 |
|
|
|a Description based on: October 5, 2008; title from title screen (NewsBank, viewed February 5, 2013).
|
| 588 |
|
|
|a Latest issue consulted: February 4, 2013 (viewed February 5, 2013).
|
| 651 |
|
0 |
|a New York (N.Y.)
|v Newspapers.
|
| 655 |
|
0 |
|a Electronic journals.
|
| 856 |
4 |
0 |
|z Full text available from Research Library: 04/16/2012 to present
|u https://search.proquest.com/publication/2035036
|